| 000 | 00657nam a2200193 u 4500 | ||
|---|---|---|---|
| 005 | 20220811063953.0 | ||
| 008 | 080804s2006 r 000 0 eng d | ||
| 020 | _a9870005586 | ||
| 035 | _aUPN01000158982 | ||
| 049 | _aCG | ||
| 050 | 4 |
_aHV40 _bR5.3 |
|
| 100 | 1 | _aRobertis, Cristina de | |
| 245 | 1 | 0 |
_aMetodología de la intervención en trabajo social / _cCristina De Robertis ; con la colab. de Bernadette Blanc ... [et al.] |
| 260 |
_aBuenos Aires ; _aMéxico : _bLumen-Hvmanitas : _c2006. |
||
| 300 | _a335 p. | ||
| 534 |
_pTítulo original: _tMéthodologie de l´intervention en travail social |
||
| 650 | 4 |
_aTrabajo social _96125 |
|
| 905 | _aLibro | ||
| 999 |
_c131096 _d131096 |
||